Algunos aspectos institucionales de comercialización de ganado y carne de vacuno en Chile

Salvato in:
Dettagli Bibliografici
Autore principale: Troncoso, José L (Autore)
Natura: Libro
Lingua:spagnolo
Pubblicazione: Santiago Universidad de Chile 1977
Serie:Desarrollo Rural, 9
Soggetti:
Tags: Aggiungi Tag
Nessun Tag, puoi essere il primo ad aggiungerne!!

MARC

LEADER 00000nam a2200000 a 4500
001 UCR0374
003 CL-VaPUC
008 971205e19770000CL |||||||||||||||||spa|d
082 0 4 |a 632.2  |b TRO  |2 21 
100 0 |a Troncoso, José L  |e author  |9 395944 
245 1 0 |a Algunos aspectos institucionales de comercialización de ganado y carne de vacuno en Chile 
300 |a 30 p 
942 |c BK 
945 |d 19971205 00:00:00  |a jquezada 
260 |a Santiago  |b Universidad de Chile  |c 1977 
650 7 |a PRODUCCION ANIMAL  |2 CL-VaPUC  |9 395945 
650 0 |a Comercialización   |9 259326 
650 0 |a Agroindustrias  |9 376001 
650 7 |a MERCADO NACIONAL  |2 CL-VaPUC  |9 373893 
583 |a last modification  |c 19971205 00:00:00  |k Rodrigo Vera 
490 0 |a Desarrollo Rural, 9 
999 |c 263900  |d 263898